| 000 | 00406nam a2200145Ia 4500 | ||
|---|---|---|---|
| 008 | 100122s9999 xx 000 0 und d | ||
| 082 |
_b30322 _a181.4 |
||
| 100 | _aAUROBINDO | ||
| 245 | _aSRI AUROBINDO AND THE MOTHER ON MONEY | ||
| 260 |
_bAUROBINDO ASHRAM _c1905 |
||
| 300 | _a32 | ||
| 630 | _aSRI AUROBINDO AND THE MOTHER ON MONEY | ||
| 730 | _aSRI AUROBINDO AND THE MOTHER ON MONEY | ||
| 942 | _cBOOK | ||
| 999 |
_c369657 _d369654 |
||